The influence of nanofillers on mechanical and friction properties of graphite/epoxy composites

Gespeichert in:
Bibliographische Detailangaben
1. Verfasser: Spandern, Christian
Format: Buch
Sprache:Englisch
Veröffentlicht: Bratislava STU FCHPT 2011
Online-Zugang:Im OPAC anzeigen
Tags: Tag hinzufügen
Keine Tags, Fügen Sie das erste Tag hinzu!

MARC

LEADER 00000nam a2200000 a 4500
005 20260127134355.0
008 110629 2011 xo 000 0 eng d
035 |a vtls010289380 
039 9 |y 201106290941  |z mschk03 
040 |a STUSCHK1  |b slo  |c STUSCHK1  |e AACR2 
100 1 |a Spandern, Christian 
245 1 |a The influence of nanofillers on mechanical and friction properties of graphite/epoxy composites  |c Christian Spandern 
260 |a Bratislava  |b STU FCHPT  |c 2011 
300 |a 60 s.  |b il.  |c 30cm 
500 |a Obháj.: 7.6. 2011 
500 |a Študijný program: prírodné a syntetické polyméry 
500 |a Študijný odbor: 5.2.18 chemické technológie 
500 |a Miesto vypracovania: Oddelenie plastov a kaučuku, FCHPT 
500 |a Evidenčné číslo: FCHPT-13576-70564 
910 |a SCHK95 
999 |c 11166  |d 11166